[Event "II Open FIDE"]
[Site "Forli' ITA"]
[Date "1989.06.21"]
[Round "5"]
[White "Santolini, Luigi"]
[Black "Martorelli, Antonio"]
[WhiteElo "2235"]
[BlackElo "2250"]
[Result "1-0"]
[PlyCount "89"]
[EventDate "1989.06.17"]

1. Nf3 Nf6 2. g3 g6 3. b3 Bg7 4. Bb2 O-O 5. Bg2 d6 6. d4 a5 7. a4 Nc6 8. O-O
Nh5 9. Nbd2 e5 10. dxe5 dxe5 11. e4 Bg4 12. h3 Be6 13. Qe2 f6 14. Rfd1 Qc8 15.
Kh2 Rd8 16. Nc4 Bf8 17. Ba3 Bxa3 18. Nxa3 Rxd1 19. Rxd1 Qf8 20. Nb5 Qe7 21. Ne1
Nb4 22. Nd3 c6 23. Nc3 Ng7 24. Nxb4 Qxb4 25. Rd3 Bf7 26. Qf3 Qe7 27. Qd1 Ne6
28. Rd7 Qb4 29. Na2 Qa3 30. Nc3 Qb4 31. Na2 Qc5 32. Kg1 b5 33. axb5 a4 34. b4
Qc4 35. b6 Be8 36. b7 Rb8 37. Qd6 Bxd7 38. Qxb8+ Kg7 39. Qa7 Qxa2 40. b8=Q Nf8
41. Qd6 Qxc2 42. Qe7+ Kg8 43. Qb8 Qc1+ 44. Kh2 Qh6 45. Qxd7 1-0

[Event "II Open FIDE"]
[Site "Forli' ITA"]
[Date "1989.06.21"]
[Round "5"]
[White "Taimanov, Mark E."]
[Black "Yermolinsky, Alex"]
[WhiteElo "2480"]
[BlackElo "2480"]
[Result "1/2-1/2"]
[PlyCount "24"]
[EventDate "1989.06.17"]

1. Nf3 g6 2. d4 Nf6 3. g3 d5 4. c4 c6 5. cxd5 cxd5 6. Bg2 Bg7 7. O-O O-O 8. Ne5
Ng4 9. Nxg4 Bxg4 10. Nc3 Nc6 11. h3 Be6 12. Be3 Qd7 1/2-1/2

[Event "II Open FIDE"]
[Site "Forli' ITA"]
[Date "1989.06.21"]
[Round "5"]
[White "Tringov, Georgi Petrov"]
[Black "Caposciutti, Maurizio"]
[WhiteElo "2425"]
[BlackElo "2265"]
[Result "1-0"]
[PlyCount "78"]
[EventDate "1989.06.17"]

1. e4 c5 2. Nf3 Nc6 3. d4 cxd4 4. Nxd4 Nf6 5. Nc3 d6 6. Be2 e5 7. Nf3 h6 8. O-O
Be7 9. Re1 O-O 10. h3 Be6 11. Bf1 Qa5 12. Bd2 Qb6 13. a3 Rac8 14. Be3 Qd8 15.
Bc1 Nb8 16. Nd5 Nxd5 17. exd5 Bf5 18. c4 Bh7 19. b4 Nd7 20. Bb2 b6 21. Nd2 f5
22. Nb3 f4 23. Bd3 Bh4 24. Bxh7+ Kxh7 25. Qd3+ Kg8 26. Nd2 Be7 27. Rac1 Nf6 28.
c5 bxc5 29. bxc5 Rxc5 30. Rxc5 dxc5 31. Rxe5 Qd7 32. Nc4 Rd8 33. Qg6 Kf8 34.
Re6 f3 35. Ne5 Qe8 36. Qf5 Rxd5 37. Ng6+ Kg8 38. Nxe7+ Qxe7 39. Bxf6 gxf6 1-0

[Event "II Open FIDE"]
[Site "Forli' ITA"]
[Date "1989.06.21"]
[Round "5"]
[White "Valenti, Giuseppe"]
[Black "Michalet, Guy"]
[WhiteElo "2255"]
[BlackElo "2215"]
[Result "1/2-1/2"]
[PlyCount "34"]
[EventDate "1989.06.17"]

1. e4 c6 2. d4 d5 3. Nc3 dxe4 4. Nxe4 Bf5 5. Ng3 Bg6 6. Bc4 e6 7. N1e2 Bd6 8.
Nf4 Nf6 9. O-O Nd5 10. Ngh5 O-O 11. c3 Nd7 12. Re1 N7f6 13. Nxg6 hxg6 14. Ng3
Qc7 15. Bg5 Bf4 16. Bxf4 Qxf4 17. Qe2 Rac8 1/2-1/2

[Event "II Open FIDE"]
[Site "Forli' ITA"]
[Date "1989.06.21"]
[Round "5"]
[White "Vezzosi, Paolo"]
[Black "De Eccher, Stefano"]
[WhiteElo "2340"]
[BlackElo "2270"]
[Result "1/2-1/2"]
[PlyCount "58"]
[EventDate "1989.06.17"]

1. d4 Nf6 2. c4 e6 3. Nc3 Bb4 4. Qc2 O-O 5. Bg5 h6 6. Bh4 d6 7. e3 b6 8. Bd3
Bb7 9. f3 c5 10. Nge2 cxd4 11. exd4 d5 12. O-O Be7 13. Rad1 Nc6 14. a3 Rc8 15.
Bf2 dxc4 16. Bxc4 Na5 17. Bd3 Nd5 18. Bh7+ Kh8 19. Be4 Bg5 20. Qb1 Nc4 21. Qa2
Qd7 22. Nxd5 Bxd5 23. Bxd5 exd5 24. Nc3 Rfe8 25. Rfe1 Rxe1+ 26. Bxe1 Be3+ 27.
Bf2 Bg5 28. Qb3 Re8 29. Qc2 Kg8 1/2-1/2

[Event "II Open FIDE"]
[Site "Forli' ITA"]
[Date "1989.06.21"]
[Round "5"]
[White "Votruba, Pavel"]
[Black "Laco, Giuseppe"]
[WhiteElo "2355"]
[BlackElo "2265"]
[Result "1/2-1/2"]
[PlyCount "83"]
[EventDate "1989.06.17"]

1. Nf3 g6 2. e4 Bg7 3. d4 d6 4. c4 Nd7 5. Nc3 c6 6. Be2 Qc7 7. Be3 Ngf6 8. h3
O-O 9. O-O h6 10. Nd2 e5 11. dxe5 dxe5 12. b4 Rd8 13. Qc2 g5 14. Nb3 Nf8 15.
Rad1 Be6 16. Rxd8 Qxd8 17. Rd1 Qc8 18. Bf1 Ng6 19. f3 Nh5 20. Ne2 b6 21. Bf2
Qc7 22. c5 Bf8 23. Nc3 Rc8 24. Rd2 Qb7 25. Na4 Bxb3 26. Qxb3 b5 27. Nc3 Nhf4
28. Qd1 Ne6 29. Ne2 a5 30. a3 axb4 31. axb4 Qa6 32. Ng3 Qa3 33. Qb1 Ra8 34. Nf5
Qc3 35. Rb2 Ngf4 36. Be1 Qa3 37. Rb3 Qa2 38. Bc3 f6 39. Qxa2 Rxa2 40. Rb2 Ra1
41. Rc2 Rb1 42. Rb2 1/2-1/2

[Event "II Open FIDE"]
[Site "Forli' ITA"]
[Date "1989.06.22"]
[Round "6"]
[White "Beulen, Marcel"]
[Black "Bartsch, Berthold"]
[WhiteElo "2225"]
[BlackElo "2275"]
[Result "1/2-1/2"]
[PlyCount "121"]
[EventDate "1989.06.17"]

1. e4 c5 2. Nf3 Nf6 3. Nc3 d5 4. exd5 Nxd5 5. Nxd5 Qxd5 6. d4 cxd4 7. Qxd4 Qxd4
8. Nxd4 a6 9. Be2 e5 10. Nb3 Nc6 11. c3 Be6 12. Be3 O-O-O 13. O-O Bd6 14. Rfd1
f5 15. f3 Rd7 16. Bc5 Rhd8 17. Rxd6 Rxd6 18. Bxd6 Rxd6 19. Rd1 Kc7 20. Nc1
Rxd1+ 21. Bxd1 Na5 22. g3 Kd6 23. Be2 Nc4 24. Bxc4 Bxc4 25. h4 a5 26. Kf2 f4
27. gxf4 exf4 28. b3 Ba6 29. Ne2 Ke5 30. Nd4 Bd3 31. a3 h6 32. a4 Bg6 33. Ke2
Be8 34. Kf2 Bd7 35. Ke2 g6 36. Kf2 g5 37. hxg5 hxg5 38. Ke2 g4 39. fxg4 Bxg4+
40. Kd3 Bd1 41. Kc4 Bg4 42. Kb5 Ke4 43. Kxa5 Kd3 44. Kb4 Bh5 45. a5 Bd1 46. Kc5
Bxb3 47. Kb6 Bd5 48. a6 bxa6 49. Kxa6 Bc4+ 50. Kb6 Kxc3 51. Kc5 Kd3 52. Nf3 Ke3
53. Ng5 Bg8 54. Kb5 Kd4 55. Kb4 Ke5 56. Kc3 Kf5 57. Nh3 f3 58. Kd3 Kg4 59. Ke3
Kg3 60. Nf2 Bh7 61. Nd1 1/2-1/2

[Event "II Open FIDE"]
[Site "Forli' ITA"]
[Date "1989.06.22"]
[Round "6"]
[White "Delchev, Aleksander"]
[Black "Nikolic, Stanimir"]
[WhiteElo "2410"]
[BlackElo "2320"]
[Result "1-0"]
[PlyCount "113"]
[EventDate "1989.06.17"]

1. d4 g6 2. Nf3 d6 3. Bg5 Bg7 4. Nbd2 Nd7 5. c3 c6 6. e4 Qc7 7. Be2 Ngf6 8. O-O
O-O 9. Re1 h6 10. Bh4 g5 11. Bg3 Nh5 12. Nc4 Nxg3 13. hxg3 Rd8 14. Ne3 Nf6 15.
Qc2 Ng4 16. Nxg4 Bxg4 17. Nh2 Bd7 18. Bg4 e6 19. Rad1 Rf8 20. Bh5 c5 21. dxc5
dxc5 22. e5 Bc6 23. f4 Rad8 24. Bf3 Rxd1 25. Rxd1 Bxf3 26. Nxf3 g4 27. Nd2 f5
28. exf6 Bxf6 29. Ne4 Bg7 30. Qe2 c4 31. Qxg4 Qc6 32. Qg6 Kh8 33. Rd6 Qb5 34.
Rxe6 Qxb2 35. Re7 Qb6+ 36. Qxb6 axb6 37. Rxb7 Re8 38. Nd6 Re1+ 39. Kf2 Bxc3 40.
Nxc4 Rc1 41. Kf3 Be1 42. Ne3 Ba5 43. g4 Ra1 44. Nf5 Rxa2 45. Nxh6 Ra3+ 46. Ke4
Bd2 47. Kf5 Rc3 48. Nf7+ Kg8 49. Ne5 Rc8 50. g3 Be1 51. Kg6 Bc3 52. Rg7+ Kf8
53. Nd7+ Ke8 54. Nf6+ Bxf6 55. Rg8+ Kd7 56. Rxc8 Kxc8 57. Kxf6 1-0

[Event "II Open FIDE"]
[Site "Forli' ITA"]
[Date "1989.06.22"]
[Round "6"]
[White "Forintos, Gyozo Victor"]
[Black "Djuric, Stefan"]
[WhiteElo "2390"]
[BlackElo "2475"]
[Result "0-1"]
[PlyCount "119"]
[EventDate "1989.06.17"]

1. d4 Nf6 2. c4 g6 3. Nc3 Bg7 4. e4 d6 5. Nge2 O-O 6. Ng3 e5 7. d5 c5 8. Be2 h5
9. Bg5 Qc7 10. h4 Nh7 11. Bd2 Qe7 12. Nf1 Na6 13. a3 Bd7 14. Qb3 Rfb8 15. Nb5
Rc8 16. Qg3 Nc7 17. a4 Na6 18. Qb3 Rf8 19. Ra3 Be8 20. a5 Bd7 21. Nc3 Nb4 22.
Nd1 Na6 23. Nc3 Be8 24. Ne3 Kh8 25. Nb5 Bd7 26. Nf1 Bf6 27. g3 Bg7 28. Nh2 Kg8
29. O-O f5 30. exf5 Bxf5 31. Bf3 e4 32. Bg2 Rf7 33. Ra2 Be5 34. Qe3 Nf6 35. b3
Qd7 36. Qe2 Qc8 37. Qe3 Qf8 38. Ra4 Nb8 39. Bc3 a6 40. Na3 Bxc3 41. Qxc3 Bd7
42. Nc2 Bxa4 43. bxa4 Qg7 44. Bh3 Re7 45. Qb3 Nbd7 46. Qxb7 Ree8 47. Be6+ Kh8
48. f3 Nf8 49. Qc6 Nxe6 50. dxe6 Qe7 51. Rd1 Red8 52. g4 Rac8 53. Qxa6 Qxe6 54.
g5 exf3 55. gxf6 Qe2 56. Nxf3 Qxd1+ 57. Nce1 Re8 58. Kf2 Re2+ 59. Kg3 Rf8 60.
Qb7 0-1

[Event "II Open FIDE"]
[Site "Forli' ITA"]
[Date "1989.06.22"]
[Round "6"]
[White "Garcia Palermo, Carlos Horacio"]
[Black "Kosten, Anthony C."]
[WhiteElo "2470"]
[BlackElo "2505"]
[Result "1/2-1/2"]
[PlyCount "94"]
[EventDate "1989.06.17"]

1. d4 d6 2. Nf3 g6 3. e4 Bg7 4. c3 Nf6 5. Nbd2 O-O 6. Be2 Nbd7 7. O-O Re8 8. e5
Nd5 9. Nc4 dxe5 10. dxe5 N7b6 11. Na5 c6 12. c4 Nc7 13. Qxd8 Rxd8 14. b3 Rb8
15. Ba3 Re8 16. Rad1 Ne6 17. Rfe1 Nd7 18. Bf1 c5 19. b4 cxb4 20. Bxb4 Ndc5 21.
Nd4 Na6 22. Ba3 Nxd4 23. Rxd4 Nc7 24. g3 Ne6 25. Rd3 b6 26. Nc6 Rb7 27. Bg2 Rc7
28. f4 Bf8 29. Bd5 Bd7 30. Nd4 Nxd4 31. Rxd4 e6 32. Bxf8 Kxf8 33. Bg2 Bc8 34.
Red1 Ke7 35. Bf1 Bb7 36. Kf2 Rec8 37. h4 Ba6 38. a4 f6 39. exf6+ Kxf6 40. g4
Bxc4 41. g5+ Kg7 42. Rd7+ Rxd7 43. Rxd7+ Kg8 44. Bxc4 Rxc4 45. Rxa7 Rxf4+ 46.
Kg3 e5 47. a5 bxa5 1/2-1/2

[Event "II Open FIDE"]
[Site "Forli' ITA"]
[Date "1989.06.22"]
[Round "6"]
[White "Laco, Giuseppe"]
[Black "Vezzosi, Paolo"]
[WhiteElo "2265"]
[BlackElo "2340"]
[Result "1-0"]
[PlyCount "69"]
[EventDate "1989.06.17"]

1. c4 c5 2. Nc3 Nf6 3. g3 g6 4. Bg2 Bg7 5. f4 Nc6 6. e4 d6 7. Nge2 Nd4 8. O-O
h5 9. h3 Be6 10. Nxd4 cxd4 11. Nd5 Qc8 12. f5 Bxd5 13. cxd5 Nd7 14. d3 Be5 15.
fxg6 fxg6 16. Bg5 Qc5 17. a3 Bf6 18. Qd2 Kf7 19. h4 Kg7 20. Bh3 Ne5 21. Rac1
Qb6 22. Bf4 Nf7 23. Rc4 a5 24. Be6 Nd8 25. Bh3 Nf7 26. Kg2 Ra6 27. Rfc1 Qb3 28.
R4c2 a4 29. Kf2 Rb6 30. Ke2 Ne5 31. Be6 Qa2 32. Rd1 Kh7 33. Bxe5 Bxe5 34. Rf1
Bf6 35. Rxf6 1-0

[Event "II Open FIDE"]
[Site "Forli' ITA"]
[Date "1989.06.22"]
[Round "6"]
[White "Martorelli, Antonio"]
[Black "Den Boer, Ber"]
[WhiteElo "2250"]
[BlackElo "2290"]
[Result "0-1"]
[PlyCount "112"]
[EventDate "1989.06.17"]

1. e4 c5 2. Nf3 e6 3. d4 cxd4 4. Nxd4 a6 5. Bd3 Bc5 6. Nb3 Ba7 7. Nc3 Nc6 8.
Qe2 d6 9. Be3 Bxe3 10. Qxe3 Nf6 11. O-O-O O-O 12. f4 Qc7 13. g4 b5 14. g5 Ne8
15. Qh3 Nb4 16. e5 Nxd3+ 17. Rxd3 dxe5 18. Ne4 f5 19. gxf6 Nxf6 20. Nxf6+ Rxf6
21. fxe5 Rh6 22. Qe3 Bb7 23. Rg1 Rxh2 24. Rc3 Qf7 25. Nc5 Bd5 26. Qg3 Rf2 27.
b4 a5 28. Na6 Bc4 29. Nc7 Rc8 30. Na6 Ra8 31. Rd1 Rf1 32. Rxf1 Qxf1+ 33. Kb2
Rxa6 34. Rf3 Qe2 35. Qf4 h6 36. Rg3 axb4 37. Rxg7+ Kxg7 38. Qf6+ Kg8 39. Qd8+
Kf7 40. Qd7+ Kg6 41. Qe8+ Kf5 42. Qf7+ Kxe5 43. Qg7+ Kd5 44. Qb7+ Rc6 45. Qd7+
Rd6 46. Qb7+ Kd4 47. Qa7+ Ke4 48. Qe7 Rd4 49. Qh4+ Ke5 50. Qg3+ Kd5 51. Qg7 Rd2
52. Qd7+ Ke4 53. Qh7+ Kf3 54. Qf7+ Kg2 55. Qg7+ Kf1 56. Qf6+ Qf2 0-1

[Event "II Open FIDE"]
[Site "Forli' ITA"]
[Date "1989.06.22"]
[Round "6"]
[White "Meduna, Eduard"]
[Black "Tringov, Georgi Petrov"]
[WhiteElo "2485"]
[BlackElo "2425"]
[Result "1/2-1/2"]
[PlyCount "98"]
[EventDate "1989.06.17"]

1. d4 g6 2. e4 Bg7 3. Nf3 d6 4. Bd3 Nf6 5. O-O O-O 6. Nbd2 Nc6 7. c3 e5 8. dxe5
Nxe5 9. Nxe5 dxe5 10. Nc4 Nh5 11. g3 Qe7 12. Be2 Nf6 13. Qc2 a5 14. a4 Rd8 15.
b3 b6 16. Bg5 h6 17. Be3 Bh3 18. Rfd1 Ng4 19. Bd2 Qc5 20. Be1 Nf6 21. Rxd8+
Rxd8 22. b4 axb4 23. cxb4 Qc6 24. Bd3 Be6 25. Ne3 Qxc2 26. Bxc2 c6 27. f3 Ne8
28. Kf2 Nc7 29. Rc1 Na6 30. Ke2 Bf8 31. Rb1 Ra8 32. Bd3 Nb8 33. a5 b5 34. Bc2
Na6 35. Bb3 Bxb3 36. Rxb3 h5 37. Bc3 Bd6 38. Nc2 f6 39. Ne1 Kf7 40. Nd3 Ke6 41.
Bd2 Rb8 42. Be3 Rb7 43. Rb1 Rh7 44. Rc1 Kd7 45. Rb1 h4 46. g4 g5 47. Kd2 Kc8
48. Kc3 Rd7 49. Rb2 Be7 1/2-1/2

[Event "II Open FIDE"]
[Site "Forli' ITA"]
[Date "1989.06.22"]
[Round "6"]
[White "Santolini, Luigi"]
[Black "Pavlovic, Milos"]
[WhiteElo "2235"]
[BlackElo "2375"]
[Result "0-1"]
[PlyCount "178"]
[EventDate "1989.06.17"]

1. d4 Nf6 2. c4 e6 3. Nf3 b6 4. e3 Bb7 5. Bd3 Be7 6. O-O O-O 7. b3 c5 8. Bb2
Re8 9. Nbd2 cxd4 10. exd4 Bf8 11. Re1 g6 12. Rc1 d6 13. b4 Nbd7 14. Qb3 Bh6 15.
Rcd1 Bc6 16. Bf1 Qc7 17. Nb1 Be4 18. Nfd2 Bb7 19. Nc3 a6 20. Nce4 Nxe4 21. Nxe4
d5 22. Qh3 Bg7 23. cxd5 Bxd5 24. Nc3 Nf6 25. Nxd5 Nxd5 26. Qb3 Qd6 27. a3 b5
28. g3 Rac8 29. a4 bxa4 30. Qxa4 Qxb4 31. Qxb4 Nxb4 32. Re3 Red8 33. Rb3 a5 34.
Ra3 Nc6 35. Ra4 Bf8 36. Bc3 Bb4 37. Bxb4 axb4 38. Rb1 Rxd4 39. Bb5 Rd2 40. Bxc6
Rxc6 41. Raxb4 Rcc2 42. Rf1 Re2 43. Rbb1 g5 44. h3 Kg7 45. Rbe1 h5 46. Rxe2
Rxe2 47. Rb1 Re4 48. Rb5 Kg6 49. Kg2 f5 50. Rb8 h4 51. Rg8+ Kf6 52. Rh8 hxg3
53. Kxg3 Re1 54. Rg8 Rg1+ 55. Kh2 Kf7 56. Rb8 Rc1 57. Kg3 Rc3+ 58. Kg2 Kf6 59.
Rg8 Rd3 60. Kh2 Rd4 61. Kg3 Rd7 62. Kg2 Rg7 63. Rb8 g4 64. hxg4 Rxg4+ 65. Kf3
Ra4 66. Kg3 Ra3+ 67. Kg2 e5 68. Rc8 e4 69. Rf8+ Ke5 70. Re8+ Kf4 71. Rb8 Ra2
72. Re8 Re2 73. Rb8 Rd2 74. Re8 Rd6 75. Rb8 Rg6+ 76. Kf1 Kg4 77. Ke2 Ra6 78.
Rg8+ Kf4 79. Rb8 Ra2+ 80. Kf1 Kg4 81. Rb4 f4 82. Rxe4 Kf3 83. Re1 Rxf2+ 84. Kg1
Rd2 85. Ra1 Kg3 86. Ra3+ f3 87. Ra1 Rg2+ 88. Kh1 Rh2+ 89. Kg1 f2+ 0-1

[Event "II Open FIDE"]
[Site "Forli' ITA"]
[Date "1989.06.22"]
[Round "6"]
[White "Sapi, Laszlo"]
[Black "Pastorini, Mario"]
[WhiteElo "2340"]
[BlackElo "2305"]
[Result "1/2-1/2"]
[PlyCount "40"]
[EventDate "1989.06.17"]

1. d4 Nf6 2. c4 e5 3. dxe5 Ng4 4. Nf3 Bc5 5. e3 Nc6 6. Be2 O-O 7. O-O Ngxe5 8.
Nc3 Nxf3+ 9. Bxf3 Ne5 10. Be2 a5 11. Ne4 Ba7 12. Bd2 Re8 13. Qc2 Bb8 14. f4 Ng6
15. Ng5 c6 16. Bh5 d5 17. Kh1 Rf8 18. cxd5 Qxd5 19. Bc3 Qc5 20. Rae1 Bc7
1/2-1/2

[Event "II Open FIDE"]
[Site "Forli' ITA"]
[Date "1989.06.22"]
[Round "6"]
[White "Vaisser, Anatoly V."]
[Black "Marinelli, Tullio"]
[WhiteElo "2525"]
[BlackElo "2260"]
[Result "0-1"]
[PlyCount "82"]
[EventDate "1989.06.17"]

1. c4 e5 2. Nc3 Nf6 3. Nf3 Nc6 4. g3 d5 5. cxd5 Nxd5 6. Bg2 Nb6 7. O-O Be7 8.
a3 a5 9. d3 O-O 10. Be3 Be6 11. Rc1 Re8 12. Ne4 a4 13. Nc5 Bxc5 14. Rxc5 Bb3
15. Qc1 Qd7 16. Nd2 Bd5 17. Ne4 Ra5 18. Qc3 Rea8 19. f4 exf4 20. Bxf4 Qe7 21.
Rxa5 Rxa5 22. Qd2 f5 23. Nc3 Bxg2 24. Kxg2 Nd5 25. Nxd5 Rxd5 26. Rf2 Nd4 27.
Qe3 Qd7 28. Bxc7 Nc2 29. Qb6 Rb5 30. Qd6 Qxd6 31. Bxd6 Rxb2 32. Kh3 Rb6 33. Bc5
Rh6+ 34. Kg2 b6 35. Be7 Re6 36. Bg5 Nxa3 37. Rxf5 Nc2 38. Rd5 a3 39. Rd8+ Kf7
40. Ra8 Rxe2+ 41. Kh3 b5 0-1

[Event "II Open FIDE"]
[Site "Forli' ITA"]
[Date "1989.06.22"]
[Round "6"]
[White "Valenti, Giuseppe"]
[Black "Pozzi, Enrico"]
[WhiteElo "2255"]
[BlackElo "2295"]
[Result "1/2-1/2"]
[PlyCount "144"]
[EventDate "1989.06.17"]

1. e4 b6 2. d4 Bb7 3. Bd3 e6 4. Nf3 c5 5. c3 Nf6 6. Qe2 Be7 7. O-O Nc6 8. a3 d6
9. Nbd2 O-O 10. e5 dxe5 11. dxe5 Nd7 12. Nc4 g6 13. Bh6 Ba6 14. Bxf8 Bxf8 15.
Rad1 Qc7 16. Qe4 Rd8 17. Rfe1 Bg7 18. Bf1 Rb8 19. Rd6 Bb7 20. Qd3 Nf8 21. a4
Ne7 22. Qd1 Nd5 23. Na3 a6 24. c4 Ne7 25. Qe2 Bc6 26. Nb1 Nd7 27. Qd3 Nf5 28.
Nc3 Nxe5 29. Nxe5 Nxd6 30. f4 Nf5 31. Nxc6 Qxc6 32. b3 Qc7 33. g3 Rd8 34. Qf3
Nd4 35. Qd1 h5 36. Ne4 h4 37. Bg2 Nf5 38. Qf3 Bd4+ 39. Kf1 hxg3 40. hxg3 Kg7
41. Ng5 Qd7 42. Ne4 Qe8 43. Bh3 Qc6 44. Kg2 Nd6 45. Nxd6 Qxd6 46. Rd1 Rb8 47.
Kh2 Qc7 48. Bf1 Rh8+ 49. Kg2 Qd7 50. Bd3 Rd8 51. Bc2 Qc7 52. Be4 f5 53. Bd3 e5
54. fxe5 Bxe5 55. Bc2 Bd4 56. Re1 Qd7 57. Rf1 Re8 58. Qd1 Qe6 59. Bd3 Qe3 60.
Rf3 Qg5 61. Rf1 Re3 62. Rf3 Re6 63. Bc2 Qe7 64. Kf1 Qe8 65. Bd3 Bc3 66. Be2 Bd4
67. Bd3 a5 68. Bc2 Re3 69. Bd3 Qe5 70. Bc2 f4 71. gxf4 Qe6 72. f5 Qe7 1/2-1/2

[Event "II Open FIDE"]
[Site "Forli' ITA"]
[Date "1989.06.23"]
[Round "7"]
[White "Belotti, Bruno"]
[Black "Vaisser, Anatoly V."]
[WhiteElo "2350"]
[BlackElo "2525"]
[Result "0-1"]
[PlyCount "82"]
[EventDate "1989.06.17"]

1. e4 e6 2. d4 d5 3. Nc3 Nf6 4. Bg5 Bb4 5. e5 h6 6. Bd2 Bxc3 7. bxc3 Ne4 8. Qg4
g6 9. Bd3 Nxd2 10. Kxd2 c5 11. Nf3 Qe7 12. Rhb1 c4 13. Be2 Kd8 14. h4 Nc6 15.
h5 g5 16. Nh2 f5 17. exf6 Qxf6 18. Qg3 Qf4+ 19. Qxf4 gxf4 20. Nf3 Kc7 21. Rh1
Bd7 22. Rh4 Raf8 23. Rg1 Rhg8 24. g3 fxg3 25. fxg3 Kd6 26. Rf4 Rxf4 27. gxf4
Rxg1 28. Nxg1 Be8 29. Bg4 Ne7 30. Ne2 Ng8 31. Ng3 Nf6 32. Bf3 Bf7 33. Kd1 Bg8
34. Kc1 Bh7 35. Kd2 Ne8 36. Kc1 Ng7 37. Bg4 Ke7 38. Kd1 Kf6 39. Kd2 Ne8 40. Bd1
Nd6 41. Ke3 Bf5 0-1

[Event "II Open FIDE"]
[Site "Forli' ITA"]
[Date "1989.06.23"]
[Round "7"]
[White "Delchev, Aleksander"]
[Black "Meduna, Eduard"]
[WhiteElo "2410"]
[BlackElo "2485"]
[Result "1/2-1/2"]
[PlyCount "31"]
[EventDate "1989.06.17"]

1. d4 Nf6 2. Nf3 c5 3. d5 e6 4. Nc3 exd5 5. Nxd5 Nxd5 6. Qxd5 Nc6 7. Bf4 d6 8.
Qd2 Be6 9. e4 Be7 10. Be2 O-O 11. O-O d5 12. Ng5 Bxg5 13. Bxg5 f6 14. exd5 fxg5
15. Rad1 Bd7 16. dxc6 1/2-1/2

[Event "II Open FIDE"]
[Site "Forli' ITA"]
[Date "1989.06.23"]
[Round "7"]
[White "Den Boer, Ber"]
[Black "De Eccher, Stefano"]
[WhiteElo "2290"]
[BlackElo "2270"]
[Result "0-1"]
[PlyCount "72"]
[EventDate "1989.06.17"]

1. d4 Nf6 2. c4 e6 3. Nf3 b6 4. a3 Bb7 5. Nc3 Ne4 6. Nxe4 Bxe4 7. Nd2 Bb7 8. e4
Qf6 9. d5 a5 10. Be2 Na6 11. O-O Bd6 12. Rb1 O-O 13. Kh1 exd5 14. cxd5 Rae8 15.
f4 Qd4 16. b3 Rxe4 17. Bb2 Qxd5 18. Bf3 f5 19. Bxe4 fxe4 20. Qg4 Rf7 21. Nc4
Qf5 22. Qxf5 Rxf5 23. Rbd1 Nc5 24. Nxd6 cxd6 25. Rxd6 e3 26. Be5 g5 27. Rxb6
gxf4 28. Bd4 f3 29. Rxb7 e2 30. Rb8+ Kf7 31. Rg1 f2 32. Bxf2 Rxf2 33. Rh8 Rf1
34. Rxh7+ Ke6 35. Rh6+ Kd5 36. Rh8 Kd4 0-1

[Event "II Open FIDE"]
[Site "Forli' ITA"]
[Date "1989.06.23"]
[Round "7"]
[White "Kosten, Anthony C."]
[Black "Tatai, Stefano"]
[WhiteElo "2505"]
[BlackElo "2395"]
[Result "1/2-1/2"]
[PlyCount "59"]
[EventDate "1989.06.17"]

1. e4 c5 2. Nf3 d6 3. d4 cxd4 4. Nxd4 Nf6 5. Nc3 a6 6. Bc4 e6 7. Bb3 b5 8. O-O
Be7 9. Qf3 Qc7 10. Qg3 O-O 11. Bh6 Ne8 12. Rad1 Kh8 13. Bg5 Bxg5 14. Qxg5 Qc5
15. Qd2 Bd7 16. Rfe1 Nc6 17. Nce2 Nf6 18. Ng3 Rfd8 19. Re3 Nxd4 20. Qxd4 Qxd4
21. Rxd4 Bc6 22. f3 Rd7 23. Rd2 a5 24. a3 Rb8 25. Red3 Ne8 26. Ne2 Rc7 27. Nd4
Bd7 28. c3 Kg8 29. Nc2 Rbb7 30. Re3 1/2-1/2

[Event "II Open FIDE"]
[Site "Forli' ITA"]
[Date "1989.06.23"]
[Round "7"]
[White "Laco, Giuseppe"]
[Black "Yermolinsky, Alex"]
[WhiteElo "2265"]
[BlackElo "2480"]
[Result "0-1"]
[PlyCount "80"]
[EventDate "1989.06.17"]

1. c4 g6 2. Nc3 Bg7 3. d4 d6 4. e4 Nf6 5. f3 O-O 6. Be3 c5 7. d5 e6 8. Qd2 exd5
9. exd5 a6 10. a4 Re8 11. Be2 Qa5 12. Ra3 Nbd7 13. f4 Nb6 14. Nd1 Qxd2+ 15.
Kxd2 Ng4 16. a5 Nxe3 17. Rxe3 Rxe3 18. Nxe3 Na4 19. b3 Nc3 20. Bd3 Bd7 21. Ne2
Nxe2 22. Bxe2 Re8 23. Rc1 Bh6 24. Rf1 g5 25. fxg5 Bxg5 26. Rf3 Re5 27. Kd3 h5
28. h3 h4 29. Bd1 Kg7 30. Be2 f5 31. Nc2 Be8 32. Rf2 Bg6 33. Bf3 Bd8 34. b4
cxb4 35. Nxb4 Bxa5 36. Rb2 f4+ 37. Kd4 Bb6+ 38. Kc3 Re3+ 39. Kd2 Bd4 40. Nc2
Bxb2 0-1

[Event "II Open FIDE"]
[Site "Forli' ITA"]
[Date "1989.06.23"]
[Round "7"]
[White "Marinelli, Tullio"]
[Black "Garcia Palermo, Carlos Horacio"]
[WhiteElo "2260"]
[BlackElo "2470"]
[Result "0-1"]
[PlyCount "82"]
[EventDate "1989.06.17"]

1. d4 d5 2. Nf3 c5 3. c4 dxc4 4. e3 e6 5. Bxc4 a6 6. O-O Nf6 7. Qe2 b5 8. Bd3
cxd4 9. exd4 Nc6 10. Nc3 Be7 11. a4 bxa4 12. Rxa4 Nb4 13. Bc4 O-O 14. Bg5 a5
15. Rd1 Bd7 16. Bb5 Nfd5 17. Bxe7 Nxe7 18. Ne5 Bxb5 19. Qxb5 Qc7 20. Nc4 Ned5
21. Nxd5 Nxd5 22. Rda1 Rfc8 23. g3 Rab8 24. Qa6 Nb4 25. Rxb4 axb4 26. b3 Rd8
27. Ne5 Qb6 28. Nc6 Qxa6 29. Rxa6 Ra8 30. Rb6 Rd7 31. Rxb4 g6 32. Rb6 Kg7 33.
Kg2 Ra2 34. Kf3 Rd6 35. b4 Rd2 36. Ke3 R2xd4 37. Rb7 Rd3+ 38. Ke2 Rd7 39. Rb8
Rd2+ 40. Ke1 Rb2 41. b5 Rdd2 0-1

[Event "II Open FIDE"]
[Site "Forli' ITA"]
[Date "1989.06.23"]
[Round "7"]
[White "Nikolic, Stanimir"]
[Black "Santolini, Luigi"]
[WhiteElo "2320"]
[BlackElo "2235"]
[Result "1-0"]
[PlyCount "77"]
[EventDate "1989.06.17"]

1. d4 d5 2. Nf3 e6 3. c4 Be7 4. Nc3 Nf6 5. Bf4 O-O 6. e3 c5 7. Bd3 cxd4 8. exd4
dxc4 9. Bxc4 Nbd7 10. O-O Nb6 11. Bd3 Nbd5 12. Be5 b6 13. Rc1 Bb7 14. h3 Rc8
15. Qe2 Nb4 16. Bb1 Ba6 17. Nb5 Qd5 18. a4 Rfd8 19. Rc3 Qd7 20. Ng5 g6 21. Rf3
Nbd5 22. Ba2 Rf8 23. Re1 Ne8 24. Ne4 f6 25. Bh2 Ng7 26. Nec3 Bb4 27. Rc1 Bb7
28. Nxa7 Nxc3 29. Rfxc3 Bxc3 30. Nxc8 Bxc8 31. Rxc3 Qxa4 32. Bd6 Re8 33. Ba3
Ba6 34. Qd2 Qd7 35. Qf4 Nf5 36. d5 exd5 37. g4 Ng7 38. Qxf6 Re6 39. Bxd5 1-0

[Event "II Open FIDE"]
[Site "Forli' ITA"]
[Date "1989.06.23"]
[Round "7"]
[White "Pastorini, Mario"]
[Black "Beulen, Marcel"]
[WhiteElo "2305"]
[BlackElo "2225"]
[Result "1/2-1/2"]
[PlyCount "26"]
[EventDate "1989.06.17"]

1. e4 e6 2. d4 d5 3. Nc3 Bb4 4. e5 Qd7 5. f4 b6 6. Nf3 Ba6 7. Bxa6 Nxa6 8. Bd2
Bxc3 9. Bxc3 Nb8 10. O-O Ne7 11. Rc1 Nbc6 12. Be1 O-O 13. Qd3 f5 1/2-1/2

[Event "II Open FIDE"]
[Site "Forli' ITA"]
[Date "1989.06.23"]
[Round "7"]
[White "Taimanov, Mark E."]
[Black "Djuric, Stefan"]
[WhiteElo "2480"]
[BlackElo "2475"]
[Result "1/2-1/2"]
[PlyCount "65"]
[EventDate "1989.06.17"]

1. Nf3 Nf6 2. b3 b6 3. Bb2 Bb7 4. c4 c5 5. g3 g6 6. Bg2 Bg7 7. O-O O-O 8. Nc3
a6 9. Rc1 d6 10. d4 Nbd7 11. d5 b5 12. Nd2 Nb6 13. e4 Nfd7 14. Qe2 Re8 15. Nd1
Bxb2 16. Nxb2 e6 17. dxe6 Rxe6 18. Nd3 Re8 19. Qe3 Nf6 20. Rfe1 bxc4 21. bxc4
Rb8 22. h3 Bc6 23. Nf4 Nfd7 24. Qc3 Ne5 25. Nd5 Bxd5 26. exd5 Na4 27. Qc2 Qa5
28. Rb1 Kg7 29. Re3 Rxb1+ 30. Nxb1 Rb8 31. Rb3 Qe1+ 32. Kh2 Rb4 33. Nd2 1/2-1/2

[Event "II Open FIDE"]
[Site "Forli' ITA"]
[Date "1989.06.23"]
[Round "7"]
[White "Vezzosi, Paolo"]
[Black "Michalet, Guy"]
[WhiteElo "2340"]
[BlackElo "2215"]
[Result "1-0"]
[PlyCount "85"]
[EventDate "1989.06.17"]

1. d4 Nf6 2. c4 e6 3. Nc3 Bb4 4. Qc2 O-O 5. Bg5 d6 6. e3 Nbd7 7. Nge2 h6 8. Bh4
e5 9. a3 exd4 10. exd4 Bxc3+ 11. Nxc3 Re8+ 12. Be2 b6 13. O-O Bb7 14. Rfe1 Qe7
15. Rad1 Qf8 16. Nb5 Rec8 17. d5 a6 18. Nd4 Re8 19. b4 g6 20. Rf1 Qg7 21. f4 b5
22. Nc6 Bxc6 23. dxc6 Nb6 24. Bf2 Nxc4 25. Bxc4 bxc4 26. Bd4 Re6 27. f5 gxf5
28. Qxf5 Re2 29. Qf3 Rae8 30. Bxf6 Qg6 31. Bd4 c3 32. Qg3 Qxg3 33. hxg3 c2 34.
Rd3 Re1 35. Bb2 R8e2 36. Bc1 h5 37. Rdf3 Rd1 38. Rxf7 Ree1 39. Rxe1 Rxe1+ 40.
Rf1 Re4 41. Kf2 Rc4 42. Ke2 Rxc6 43. Kd3 1-0